| 000 | 00523nam a22001817a 4500 | ||
|---|---|---|---|
| 999 |
_c190690 _d190690 |
||
| 005 | 20220802171829.0 | ||
| 010 | _aENG-134178 | ||
| 020 |
_a9789380658056 _c280.00 |
||
| 035 | _aEN-117710 | ||
| 037 | _bDBAD/PUB | ||
| 082 | _aN | ||
| 100 | _aChakraborti, Rajorshi | ||
| 245 |
_aBalloonists/ _cRajorshi Chakraborti |
||
| 260 |
_aChennai _bTranquebar Press _c2013 |
||
| 270 |
_aVenkat Towers, 165, P.H. Road, Opp. Maduravoyal Municipal Office _bChennai _e600095 |
||
| 300 |
_a194p. _c20cm(pbk) |
||
| 942 |
_2ddc _cEN _hN _mCHA |
||